40 häufigste deutsche Wörter - Statistiken

Allgemein
  • Dieses Quiz wurde 24 mal gespielt
  • Das Durchschnittsergebnis liegt bei 20 aus 40
Antwortstatistiken
Rang Wort % Korrekt
1. der, die, das (bestimmter Artikel)
86%
17. der, die, das (Relativpronomen)
86%
15. es
86%
19. er
82%
31. ich
82%
22. sie
82%
34. wir
82%
30. wie
73%
5. ein
68%
2. in
68%
36. so
68%
4. und
68%
11. an
64%
12. für
64%
8. haben
59%
27. ihr
59%
7. von
55%
6. zu
55%
20. als
50%
24. aus
50%
16. nicht
50%
26. dass
45%
10. mit
45%
32. um
41%
35. aber
36%
13. auf
36%
23. können
36%
29. nach
36%
9. werden
36%
18. auch
32%
21. bei
32%
25. dies
32%
40. sage
27%
14. sich
27%
37. noch
23%
38. über
23%
39. nur
18%
33.. Jahr
14%
3. sein (Verb)
14%
28.. viel
14%
Keine übereinstimmenden Quizze gefunden
Verteilung der Resultate
Anzahl Personen mit jedem Resultat
Perzentil nach korrekt beantworteten Fragen
Ihre Resultats-Entwicklung
Sie haben dieses Quiz noch nicht gespielt